This Special Edition of the Nervous System of the Human Body (Record no. 1776)

000 -LEADER
fixed length control field 00625nam a22001937a 4500
003 - CONTROL NUMBER IDENTIFIER
control field OSt
005 - DATE AND TIME OF LATEST TRANSACTION
control field 20210421070326.0
008 - FIXED-LENGTH DATA ELEMENTS--GENERAL INFORMATION
fixed length control field 210226s1988 ||||| |||| 00| 0 eng d
040 ## - CATALOGING SOURCE
Original cataloging agency eng
Language of cataloging eng
Transcribing agency DLC
041 ## - LANGUAGE CODE
Language code of text/sound track or separate title eng
080 ## - UNIVERSAL DECIMAL CLASSIFICATION NUMBER
Universal Decimal Classification number 616.8
Item number B-41
100 ## - MAIN ENTRY--PERSONAL NAME
9 (RLIN) 1161
Personal name Bell, Charles
245 ## - TITLE STATEMENT
Title This Special Edition of the Nervous System of the Human Body
Statement of responsibility, etc. / by: The Classics of Neurology and Neurosurgery Library
260 ## - PUBLICATION, DISTRIBUTION, ETC.
Place of publication, distribution, etc. Birmingham, Alabama
Name of publisher, distributor, etc. The Classics of Neurology and Neurosurgery Library
Date of publication, distribution, etc. 1988
300 ## - PHYSICAL DESCRIPTION
Extent 404 p.
Other physical details ill.
650 #0 - SUBJECT ADDED ENTRY--TOPICAL TERM
9 (RLIN) 100
Topical term or geographic name entry element Neurology
653 ## - INDEX TERM--UNCONTROLLED
Uncontrolled term ნევროლოგია
942 ## - ADDED ENTRY ELEMENTS (KOHA)
Source of classification or shelving scheme
Koha item type Books
Holdings
Withdrawn status Lost status Source of classification or shelving scheme Damaged status Not for loan Permanent location Current location Date acquired Inventory number Total Checkouts Full call number Barcode Date last seen Price effective from Koha item type
          Ken Walker International University Ken Walker International University 02/26/2021 1520   616.8 B-41 1520 02/26/2021 02/26/2021 Books

Powered by Koha